Art in the primary school

Αποθηκεύτηκε σε:
Λεπτομέρειες βιβλιογραφικής εγγραφής
Κύριος συγγραφέας: Lancaster, John 1930-
Μορφή: Βιβλίο
Γλώσσα:English
Δημοσίευση: New York : Routledge, 1990.
Σειρά:Subjects in the primary school .
Θέματα:
Ετικέτες: Προσθήκη ετικέτας
Δεν υπάρχουν, Καταχωρήστε ετικέτα πρώτοι!

MARC

LEADER 00000nam a2200000 a 4500
001 1/112278
008 161104s1990####us | ||| |||| ||eng||
020 |a 0415042429 
040 |a GR-MyUa  |b gre  |c GR-MyUa  |e AACR2 
041 0 |a eng 
082 7 |a 372.5044   |2 (23) 
100 1 |a Lancaster, John   |d 1930- 
245 1 0 |a Art in the primary school /   |c John Lancaster.  
260 |a New York :   |b Routledge,   |c 1990.  
300 |a xi, 148 σ. :   |b φωτ. ;   |c 20 εκ.  
490 1 |a (Subjects in the primary school).  
504 |a Βιβλιογραφία: σ. 141-145. Ευρετήριο. 
650 0 |a Art  |x Study and teaching (Elementary) 
650 0 |a Education, Primary  |x Activity programs. 
650 0 |a Art  |x Study and teaching (Primary) 
830 0 |a Subjects in the primary school . 
852 |a INST  |b RHODES  |e 20161104  |h 372.5044 LAN  |p 005400038928  |q 005400038928  |t BK  |y 0 
922 |a 4ΕΛΗ  |b 2016/07  |c ΤΑΚ/ΒΙΒ  |d ΔΙΑΔΡΟΜΕΣ 
970 |z 04-11-2016